Zmoudření Dona Quijota /
Zmoudření Dona Quijota je tragédie o pěti dějstvích, zpracovaná podle humoristického Cervantesova románu z počátku 17. století. Šlechtic Don Quijot de la Mancha žije v zapadlé španělské vsi. Přečetl mnoho rytířských románů a ty mu pomátly hlavu. Don Quijot zatouží také po činech... Don Quijote během...
Uloženo v:
| Hlavní autor: | |
|---|---|
| Médium: | E-kniha |
| Jazyk: | Czech |
| Vydáno: |
Praha :
Artis,
2021
|
| Tagy: |
Žádné tagy |
| LEADER | 01381nam a22002297i 4500 | ||
|---|---|---|---|
| 001 | 311373 | ||
| 007 | ta | ||
| 008 | 260601s2021 xr ||||| |||| 00| 0 cze d | ||
| 020 | |a 9990003328441 | ||
| 044 | |a xr | ||
| 100 | 1 | |a Dyk, Viktor |4 aut | |
| 245 | 1 | 0 | |a Zmoudření Dona Quijota / |c Dyk, Viktor |
| 264 | 1 | |a Praha : |b Artis, |c 2021 | |
| 300 | |a 1 online zdroj (52 stran) | ||
| 336 | |a text |b txt |2 rdacontent | ||
| 337 | |a bez média |b n |2 rdamedia | ||
| 338 | |a online zdroj |b cr |2 rdacarrier | ||
| 520 | 2 | |a Zmoudření Dona Quijota je tragédie o pěti dějstvích, zpracovaná podle humoristického Cervantesova románu z počátku 17. století. Šlechtic Don Quijot de la Mancha žije v zapadlé španělské vsi. Přečetl mnoho rytířských románů a ty mu pomátly hlavu. Don Quijot zatouží také po činech... Don Quijote během svých cest a po návratu domu vystřízliví. "Představoval jsem si vše jinak," pravil slábnoucím hlasem a zemřel. Neměl sil, aby viděl svět reálně. | |
| 910 | |a RBIT002 | ||
| 998 | |d 332844 |a https://core.palmknihy.cz/api/books/332844/cover?qww13i |b https://core.palmknihy.cz/api/books/332844/cover/400?qww13i |c https://core.palmknihy.cz/api/books/332844/cover/50?qww13i |e 2099-01-01 |g 52 |i 9990003328441 |j https://core.palmknihy.cz/api/books/332844/preview.epub |l |q 49 |r 1 |s https://www.palmknihy.cz/kniha/332844 |t ebook |y 2021 |z 1 | ||
| 999 | |d 311371 | ||